| 000 | 00859nam a22002175i 4500 | ||
|---|---|---|---|
| 001 | 159814 | ||
| 003 | ES-MaACL | ||
| 005 | 20250629063141.0 | ||
| 008 | 991118s1867 fr c |||| |bfre d | ||
| 040 |
_aCCPB | B _bspa _cCCPB | B |
||
| 100 | 1 |
_aMirecourt, Eugène de, _d1812-1880 _9129980 |
|
| 245 | 1 | 0 |
_aVictor Cousin / _cpar Eugène de Mirecourt. |
| 260 |
_aParis : _bchez Achille Faure, éditeur, _c1867. |
||
| 300 |
_a71 p., [1] h. de retr. ; _c13 cm. |
||
| 490 | 1 | _aHistoire contemporaine : Portraits et Silhouettes au XIX\pe\s siécle | |
| 599 | _aRetr. de Cousin. | ||
| 600 | 0 | 4 |
_aCousin, Victor. _941306 |
| 830 | 0 |
_aHistoire contemporaine : Portraits et Silhouettes au XIX\pe\s siécle _9188255 |
|
| 852 |
_aES-MaACL _jG-14948(1) _z-- Enc. hol. _x-- Edic.: El imp. es: Mirecourt : Typographie L.-Ph. Costet |
||
| 999 |
_c159814 _d159814 |
||